Vplyv MOSS na daňovú politiku spoločnosti diplomová práca

Na minha lista:
Detalhes bibliográficos
Autor principal: Tóthová, Andrea
Autor Corporativo: Národohospodárska fakulta EU. Katedra financií
Outros Autores: Schultzová, Anna
Formato: Livro
Idioma:eslovaco
Publicado em: Bratislava 2016
Tags: Adicionar Tag
Sem tags, seja o primeiro a adicionar uma tag!

MARC

LEADER 00000nbm a2200000 4500
001 0217854
005 20170104141256.1
041 0 |a slo 
044 |a SK 
245 1 0 |a Vplyv MOSS na daňovú politiku spoločnosti  |b diplomová práca  |c Andrea Tóthová ; školiteľ: Anna Schultzová 
264 1 |a Bratislava  |c 2016 
300 |a 60 s. 
100 1 |a Tóthová, Andrea 
700 1 |a Schultzová, Anna 
710 2 |a Národohospodárska fakulta EU. Katedra financií